La aventura de mi vida (Record no. 113409)

MARC details
000 -LEADER
campo de control de longitud fija 00564nam a2200169 4500
001 - NÚMERO DE CONTROL
campo de control 113409
003 - IDENTIFICADOR DE NÚMERO DE CONTROL
campo de control ES-MaACL
005 - FECHA Y HORA DE LA ÚLTIMA TRANSACCIÓN
campo de control 20230906185859.0
007 - CAMPO FIJO DE DESCRIPCIÓN FÍSICA--INFORMACIÓN GENERAL
campo de control de longitud fija t|
008 - DATOS DE LONGITUD FIJA--INFORMACIÓN GENERAL
campo de control de longitud fija 061121s1973 sp r ||||1| spa d
100 1# - ENTRADA PRINCIPAL--NOMBRE DE PERSONA
Nombre de persona Niven, David.
9 (RLIN) 85783
245 13 - MENCIÓN DEL TÍTULO
Título La aventura de mi vida
Resto del título : de la academia militar de Sandhurts a los estudios de Hollywood /
Mención de responsabilidad, etc. David Niven ; traducción de Carlos Casas.
260 ## - PUBLICACIÓN, DISTRIBUCIÓN, ETC.
Lugar de publicación, distribución, etc. Barcelona :
Nombre del editor, distribuidor, etc. Noguer,
Fecha de publicación, distribución, etc. 1973.
300 ## - DESCRIPCIÓN FÍSICA
Extensión 338 p., 8 lám. :
Otras características físicas il. ;
Dimensiones 22 cm.
700 1# - ENTRADA AGREGADA--NOMBRE PERSONAL
Nombre de persona Casas, Carlos.
9 (RLIN) 36188
852 ## - LOCALIZACIÓN
Ubicación ES-MaACL
Número de control de estantería C-53976
Sublocalización o colección R.86152
Holdings
Estatus retirado Estado de pérdida Estado de daño No para préstamo Biblioteca de origen Biblioteca actual Ubicación en estantería Fecha de adquisición Fuente de adquisición Total de préstamos Signatura topográfica completa Código de barras Visto por última vez Precio de reemplazo Tipo de ítem Koha
        Biblioteca del Ateneo de Madrid Biblioteca del Ateneo de Madrid Depósito 2 17/01/2008     C-53976 1118284 23/02/2023 23/02/2023 Libro impreso